| 000 | 01034nam a2200277 i 4500 | ||
|---|---|---|---|
| 001 | bg | ||
| 100 | 1 | _aBORZYM, Jolanta | |
| 245 | 1 | 0 |
_aDomowe instalacje sanitarne z tworzyw sztucznych : _bporadnik wykonawcy : woda zimna, ciepła woda użytkowa, centralne ogrzewanie, ogrzewanie podłogowe, kanalizacja bytowo-gospodarcza i deszczowa, podłączenia instalacji do urządzeń zasilających je w wodę / _cJolanta Borzym, Andrzej Borzym, Stanisław Rabiej. |
| 260 |
_aWarszawa : _b"Arkon", _c1997. |
||
| 300 |
_a214 s. : _bfot., rys., wykr. ; _c24 cm. |
||
| 504 | _aBibliogr. s. 213-214. | ||
| 650 | 9 |
_aBudownictwo mieszkaniowe _xurządzenia |
|
| 650 | 9 | _aInstalacje sanitarne | |
| 650 | 9 | _aOgrzewanie centralne | |
| 650 | 9 | _aRury z tworzyw sztucznych | |
| 655 | _aPoradniki | ||
| 700 | 1 | _aBORZYM, Andrzej | |
| 700 | 1 | _aRABIEJ, Stanisław | |
| 020 | _a8390733609 | ||
| 040 | _cBPK | ||
| 041 | 0 | _apl | |
| 080 | _a696/697:678::728 | ||
| 920 | _a83-907336-0-9 | ||
| 942 | _cKS | ||
| 008 | s pl f |000 0 pol | ||
| 999 |
_c36748 _d36748 |
||
| 856 |
_uhttp://koha.tu.koszalin.pl/cgi-bin/koha/opac-detail.pl?biblionumber=36748 _yKatalog online BPK |
||